| 000 | 00845nas a2200277 4500 | ||
|---|---|---|---|
| 001 | BR9405598 | ||
| 003 | BR-BrBNA | ||
| 005 | 20231205093726.0 | ||
| 007 | ta | ||
| 008 | 230509b bl.|||p| |||| 00| 00por d | ||
| 040 |
_aBR-BrBNA _bpor _cBiblioteca Nacional de Agricultura |
||
| 041 | _a(Pt) | ||
| 072 | _aL10 | ||
| 100 | 1 | _aLedur, M.C. | |
| 100 | 1 | _aSchmidt, G.S. | |
| 100 | 1 | _aFigueiredo, E.A.P. de | |
| 100 | 1 | _aAvila, V.S. de | |
| 100 | 1 | _aFiorentin, L. | |
| 245 | 1 | _aParametros geneticos e fenotipicos em linhagens de aves selecionadas para corte | |
| 650 | _aFrango de Corte | ||
| 650 | _aHereditariedade | ||
| 650 | _aSelecao Genetica | ||
| 773 | 0 |
_tPesquisa Agropecuaria Brasileira (Brazil) _xISSN 0100-204x _g(Mar 1994), v. 29(3) p. 503-508 _wBR9405598 |
|
| 909 |
_a202311 _bLúcia _c55 _dLúcia Elande |
||
| 942 |
_2AGRIS _n0 _cANA |
||
| 999 |
_c140105 _d140105 |
||